00251 a2200109 4500001000700000020000600007040001100013100002900024240004200053245003700095362000900132172036 a  cMagnum aCorrea, Glauco Rodrigues10aO assassinato do casal de velhoslpor10aO assassinato do casal de velhos0 a1899